000 00658nam a22002057a 4500
003 OSt
005 20260421064120.0
008 260421b |||||||| |||| 00| 0 eng d
020 _a9780128043998
040 _aDWC-Main lib
_cOC
082 _aCirc. 005.756 H297r 2016
100 _aHarrington, Jan L.
245 _aRelational database design and implementation/
_cJan L. Harrington
260 _aCambridge, M.A:
_bMorgan kaufmann,
_cc2016.
300 _a xvii, 689 pages:
_b illustrations ;
_c 24cm
504 _aIncludes index and glossary
650 _a1. Database design
650 _a2. Relational database
942 _2ddc
_cBK-CIRC
_kCirc.
_n0
999 _c9576
_d9576